Správa z medzinárodnej konferencie Miľníky práva v stredoeurópskom priestore 2011
Informácia o zámeroch a cieľoch medzinárodnej vedeckej konferenie, ktorá sa konala v dňoch 31. marca 2011 až 2. apríla 2011.
Na minha lista:
| Autor principal: | |
|---|---|
| Formato: | Capítulo de Livro |
| Idioma: | eslovaco |
| Assuntos: | |
| Tags: |
Sem tags, seja o primeiro a adicionar uma tag!
|
MARC
| LEADER | 00000naa a2200000 4500 | ||
|---|---|---|---|
| 001 | 0231384 | ||
| 005 | 20240502073803.7 | ||
| 041 | 0 | |a slo | |
| 044 | |a SK | ||
| 245 | 1 | 0 | |a Správa z medzinárodnej konferencie Miľníky práva v stredoeurópskom priestore 2011 |c Hana Magurová |
| 520 | |a Informácia o zámeroch a cieľoch medzinárodnej vedeckej konferenie, ktorá sa konala v dňoch 31. marca 2011 až 2. apríla 2011. | ||
| 610 | 2 | 0 | |a konferencie |
| 610 | 2 | 0 | |a právo |
| 610 | 2 | 0 | |a stredná Európa |
| 100 | 1 | |a Magurová, Hana, 1986- | |